00553nam a2200169Ia 450000500170000000800410001702000150005808200130007310000180008624500440010426000430014830000130019150000600020494200060026495200980027099900150036820250627021329.0240331s9999 xx 000 0 und d a9559931202 bAMAa363 aAmarasinghe,R 0aPaschath tsunami deshapalana viyasanaya aKelaniyabUniversal Publishersc2005 a163 p ., aAn analysis of the joint mechanism - political disaster cL 001040708LaWERCLbWERCLcSSCd2024-03-31l0o 363.34 AMAp6302r2024-03-31w2024-03-31yL c5106d5106